| 000 | 01720cam a22004694i 4500 | ||
|---|---|---|---|
| 003 | PE-LiUPU | ||
| 005 | 20250731165527.0 | ||
| 008 | 150623s r 000 0 d | ||
| 035 | _a(Sirsi) a28956 | ||
| 035 | _a(Sirsi) a28956 | ||
| 040 |
_aPE-LiUPU _bspa _cPE-LiUPU _erda |
||
| 082 | 0 | 4 |
_a234.3 _bF34 _221 |
| 100 | 1 |
_aFeiner, Johannes, _eautor. |
|
| 245 | 1 | 0 |
_aFundamentos de la dogmática como historia de la salvación. _n2:1 / _cJohannes Feiner. |
| 264 | 1 |
_aEspaña : _bCistiandad, _c1969. |
|
| 300 |
_a1112 páginas ; _c28 cm. |
||
| 336 |
_atext _2rdacontent |
||
| 337 |
_aunmediated _2rdamedia |
||
| 338 |
_avolume _2rdacarrier |
||
| 490 | 0 |
_aMysterium Salutis. Nanual de Teología como Historia de la Salvación ; _v2 |
|
| 505 | 0 | _aLa presencia de la revelación por medio de la iglesia. -La fe. -La sabiduría de la teología por el camino de la ciencia. | |
| 526 | _aSEG44 | ||
| 526 | _aSEG26 | ||
| 526 | _aP151 | ||
| 526 | _aP150 | ||
| 526 | _aP149 | ||
| 526 | _aP146 | ||
| 526 | _aP145 | ||
| 526 | _aP126 | ||
| 526 | _aP125 | ||
| 526 | _aP92 | ||
| 526 | _aP75 | ||
| 526 | _aP74 | ||
| 526 | _aP27 | ||
| 526 | _aP15 | ||
| 942 |
_2ddc _cBOOK |
||
| 949 |
_aRC 234.3 F34 2:1 _wDEWEY _c1 _i12519 _lRC _mBUL _r0 _sY _tBOOK _u2015-6-24 _xTEOLOGIA _PP35 _0COMPRA _o.CIRCNOTE. No olvidar cambiar la fecha de devolución!!!!!!! _o.STAFF. Colección General |
||
| 994 |
_aC0 _bPEPRU |
||
| 596 | _a1 | ||
| 999 |
_aRC 234.3 F34 2:1 _wDEWEY _c36260 _i12519 _d36260 _e2016-4-11 _f2021-11-8 _g7 _lCCODEBUL1 _mBUL _n1 _r1 _sY _tBOOK _u2015-6-24 _xTEOLOGIA _PP35 _0COMPRA _o.CIRCNOTE. No olvidar cambiar la fecha de devolución!!!!!!! _o.STAFF. Colección General |
||
| 980 |
_81 _gALBERTO SANCHEZ Responsable de Automatización |
||